000 00466cam a22001457a 4500
008 180718b1960 xxu||||| |||| 00| 0 eng d
082 _aA99 P81/P81
100 _aPope, Joseph
245 _aPublic servant: memoirs of Sir Joseph Pope
_cJoseph Pope; edited and complied by Maurice Pope
260 _aToronto
_bOxford
_c1960
300 _a312p
650 _aCanada -Foreign relations.
650 _aCanada -Politics and government -1867-
700 _aPope, Maurice, ed
999 _c415752
_d415752